| 000 | 01324nam a22002417a 4500 | ||
|---|---|---|---|
| 003 | BD-DhJNU | ||
| 005 | 20260422045603.0 | ||
| 008 | 260422b |||||||| |||| 00| 0 eng d | ||
| 020 | _a9789843432069 | ||
| 040 |
_aBD-DhJNU _bENG _cBD-DhJNU _dBD-DhJNU |
||
| 082 |
_223 _a371.9046 WAE |
||
| 100 | _aওহাব, এম এ | ||
| 242 |
_aEnsuring education for all : _binclusive education / _cProf. Dr. M. A. Wahab and Md. Ashrafuzzaman ; edited by Professor Dr. Monira Jahan |
||
| 245 |
_aসবার জন্য শিক্ষা নিশ্চিতকরণে : _bএকীভূত শিক্ষা / _cঅধ্যাপক ড. এম এ ওহাব ও মো: আশরাফুজ্জামান ; অধ্যাপক ড. মনিরা জাহান কর্তৃক সম্পাদিত |
||
| 246 |
_aShobar jonno shikkha nishchitkorone : _bekaibhuta shikkha / |
||
| 260 |
_aঢাকা : _bপ্রভাতী লাইব্রেরি, _c2021. |
||
| 300 |
_a[২০], ২৮৪ পৃ. : _bচিত্র ; _c২২ সেমি.। |
||
| 650 | _aএকীভূত শিক্ষা | ||
| 650 | _aInclusive Education | ||
| 700 | _aআশরাফুজ্জামান, মো: | ||
| 700 |
_aজাহান, মনিরা _eসম্পাদক |
||
| 942 |
_2ddc _cBK _n0 |
||
| 999 |
_c2707 _d2707 |
||